Điều tra thành phần loài và các yếu tố tác động đến nguồn tài nguyên thực vật thân gỗ tại rừng đặc dụng nam Hải Vân - thành phố Đà Nẵng
Tổng quan tài liệu: Tình hình nghiên cứu. Đặc điểm khu vực nghiên cứu...Đối tượng, địa điểm, thời gian, nội dung và phương pháp nghiên cứu. Kết quả nghiên cứu.
Enregistré dans:
| Auteur principal: | |
|---|---|
| Autres auteurs: | |
| Format: | Livre |
| Langue: | Vietnamese |
| Publié: |
Đại học Đà Nẵng
Đại học Sư phạm
2011
|
| Collection: | Khóa luận tốt nghiệp khoa Sinh - Môi trường
|
| Sujets: | |
| Tags: |
Ajouter un tag
Pas de tags, Soyez le premier à ajouter un tag!
|
| Thư viện lưu trữ: | Mạng thư viện Đại học Đà Nẵng |
|---|
| LEADER | 01643nam a2200361 4500 | ||
|---|---|---|---|
| 001 | 000012781 | ||
| 003 | 9100 | ||
| 005 | 20120228140235.0 | ||
| 008 | 120228s2011 viesd | ||
| 041 | |a vie | ||
| 072 | |a Khóa luận tốt nghiệp | ||
| 082 | |a 580.73 |b NG-L | ||
| 100 | |a Nguyễn, Thị Hương Lan |e Tác giả | ||
| 245 | |a Điều tra thành phần loài và các yếu tố tác động đến nguồn tài nguyên thực vật thân gỗ tại rừng đặc dụng nam Hải Vân - thành phố Đà Nẵng |c Nguyễn Thị Hương Lan | ||
| 260 | |a Đại học Đà Nẵng |b Đại học Sư phạm |c 2011 | ||
| 300 | |a 37 tr. |b Hình ảnh |c 29 cm | ||
| 490 | |a Khóa luận tốt nghiệp khoa Sinh - Môi trường | ||
| 500 | |a Phụ lục tr 38 | ||
| 520 | |a Tổng quan tài liệu: Tình hình nghiên cứu. Đặc điểm khu vực nghiên cứu...Đối tượng, địa điểm, thời gian, nội dung và phương pháp nghiên cứu. Kết quả nghiên cứu. | ||
| 653 | |a Thành phần loài | ||
| 653 | |a Thực vật thân gỗ | ||
| 653 | |a Rừng đặc dụng | ||
| 700 | |a Nguyễn Thị Đào |c Th.S |e Hướng dẫn | ||
| OWN | |a LSP | ||
| AVA | |a UDN50 |b LSP |d 580.73 NG-L |e available |t Error 5001 Not defined in file expand_doc_bib_avail. |f 1 |g 0 |h N |i 0 |k 1 | ||
| 999 | |a From the UDN01 | ||
| AVA | |a UDN50 |b LSP |d 580.73 NG-L |e available |t Error 5001 Not defined in file expand_doc_bib_avail. |f 1 |g 0 |h N |i 0 |k 1 | ||
| TYP | |a Monograph | ||
| TYP | |a Printed language | ||
| 980 | |a Mạng thư viện Đại học Đà Nẵng | ||